| 000 | 01006 a2200301 4500 | ||
|---|---|---|---|
| 999 |
_c78544 _d23031 |
||
| 001 | 78544 | ||
| 003 | TR-AnTOB | ||
| 005 | 20231208001029.0 | ||
| 008 | 110801s2005 tu 000 0 | ||
| 020 | _a9755855424 | ||
| 040 |
_aTR-AnTOB _cTR-AnTOB |
||
| 041 | _atur | ||
| 050 |
_aJC571 _b.M88 2005 |
||
| 090 | _aJC571.M88 2005 | ||
| 245 | 0 |
_aMutlu Birey Huzurlu Toplum _bT.C.İçişleri Bakanlığı 2003-2005 _cİç işleri bakanlığı araştırma planlama ve kordinasyon kurulu başkanlığı. |
|
| 264 | 1 |
_aAnkara : _bİsmat Matbacılık, _c2005 |
|
| 300 |
_a93 p: _c30 cm. |
||
| 336 |
_2rdacontent _atext _btxt |
||
| 337 |
_2rdamedia _aunmediated _bn |
||
| 338 |
_2rdacarrier _avolume _bnc |
||
| 490 | 0 |
_aİç İşleri Bakanlığı Araştırma Planlama ve Koordinasyon Kurulu Başkanlığı ; _a600 _vApk ; _v44 |
|
| 650 | 0 |
_aHuman rights _zTurkey _919348 |
|
| 650 |
_aHuman rights _xStudy and teaching _964835 |
||
| 902 | _a30049 | ||
| 903 | _aMerkez Kütüphane | ||
| 942 |
_cBK _2lcc |
||